| 000 | 00969nam a22001937a 4500 | ||
|---|---|---|---|
| 999 |
_c176378 _d176378 |
||
| 005 | 20201230151821.0 | ||
| 010 | _aUR-10968 | ||
| 020 |
_c700.00 _a9789389733112 |
||
| 035 | _aU-9523 | ||
| 037 | _bDBAD/PUB | ||
| 082 | _a954.621 | ||
| 100 | _aمو لف؛ محمد صبيح ا لد ين ميا ں صا حب خليل شا ہ جہا ں پو ر ی | ||
| 245 |
_aتا ر يخ شا ہجہا ن پو ر -نا مہ ا عجا ز ی ا لمعر و ف بہ تا ر يخ صبيح _cمو لف؛ محمد صبيح ا لد ين ميا ں صا حب خليل شا ہ جہا ں پو ر ی |
||
| 246 |
_bTareekh Shahjahan Pur-Nama-e-Aejazi Almaroof Ba Tareekh-e-Sabhih (Urdu) _aMohd Sabhiuddin Mian KhaleelShahjan Puri |
||
| 260 |
_aN.Delhi _bEducational Publishing House _c2019 ء |
||
| 270 |
_aH.O.D1/16,Ansari Road,Darya ganj, _bN.Delhi _e110002 _k45678285,23216162 _l0091-11-23211540 |
||
| 300 |
_a597 ص _c22 Cm(Hb) |
||
| 942 |
_2ddc _cUR _h954.621 _mو س ی |
||